Friends - Chase Atlantic (lyrics) - Statistics

General Stats
  • This quiz has been taken 76 times
  • The average score is 279 of 378
Answer Stats
Answer % Correct
I
96%
me
96%
on
96%
the
96%
you
93%
you,
93%
your
93%
tell
91%
tell,
91%
Tell
91%
to
91%
what
91%
friends
89%
'Cause
87%
for
87%
here
87%
just
87%
Just
87%
long
87%
with
87%
you're
87%
All
85%
be
85%
Girl,
85%
move
85%
other
85%
side
85%
that
85%
That
85%
They
85%
they
85%
too
85%
And
83%
and
83%
been
83%
doing
83%
guy
83%
have
83%
no
83%
waiting
83%
I'm
80%
must
80%
of
80%
got
78%
ready,
78%
ready
78%
we?
78%
we
78%
ain't
76%
are
76%
it,
76%
it
76%
make
76%
not
76%
sense,
76%
This
76%
doesn't
74%
now
74%
were
74%
gone
72%
hell
72%
in
72%
much
72%
way
72%
Believe
70%
done
70%
far
70%
need
70%
when
70%
you've
70%
babe
67%
But
67%
chase
67%
circles,
67%
fine
67%
girlfriends
67%
I'll
67%
know
67%
like
67%
look
67%
my
67%
patience
67%
run
67%
say
67%
Give
65%
give
65%
never
65%
taste
65%
weren't
65%
without
65%
down
63%
eyes
63%
Face
63%
Running
63%
take
63%
want
63%
heavy
61%
sleeve
61%
slow
61%
wasted
61%
you'll
61%
loved
59%
word
59%
as
57%
Heart
57%
hurt,
57%
once
57%
crave
54%
guys
54%
let
54%
sleeping
54%
time
54%
stay,
52%
tense
52%
busy
50%
pace
50%
realize
50%
some
48%
space
48%
'round
46%
lying,
43%
you'd
43%
Wish
37%
(woo)
35%
Woo
35%
No matching quizzes found
Score Distribution
Percent of People with Each Score
Percentile by Number Answered
Your Score History
You have not taken this quiz